000 00392pab a2200157 454500
008 180718b2000 xxu||||| |||| 00| 0 eng d
100 _aSingh, S.P.
245 _aCattle breeding policy in India and its implications
260 _c2000
300 _ap.85-88
362 _aMay
650 _aCattle
700 _aKaushik, S.N.
773 _aAgricultural Situation in India
909 _a46107
999 _c46107
_d46107